00705nam a2200205Ia 4500999001700000003000400017005001700021008004100038040000600079082001600085100002300101245009200124260008400216300001200300650003200312650003100344700002400375942001200399952008800411 c30957d30957OSt20250827110010.0250310s9999||||xx |||||||||||||| ||und|| c. a621.3bT398 940aTheraja, B. L. 0aA Textbook of Electrical technology in S.I. units /cby B. L. Theraja and A. K. Theraja aNew Delhi :bPublication Division of Nirja Construction and Development,c1992. a1867 p. 092749aElectrical technology 0911aElectrical Engineering 91842aTheraja, A.K. cBK2ddc 00102ddc4070aCLbCLd2025-03-10o621.3 T398pF01957r2025-03-10w2025-03-10yBK